FBS and FCS Football Teams - Statistics

General Stats
  • This quiz has been taken 155 times
  • The average score is 219 of 265
Answer Stats
Conference College % Correct
SEC Florida
100%
ACC Florida State
100%
SEC Georgia
100%
ACC Georgia Tech
98%
SEC Alabama
97%
Big 12 Arizona
97%
ACC California
97%
ACC Duke
97%
Big Ten Iowa
97%
Big 12 Iowa State
97%
ACC North Carolina
97%
FBS Independent Notre Dame
97%
SEC South Carolina
97%
SEC Texas
97%
Big 12 Texas Tech
97%
Big 12 Arizona State
95%
Mountain West Boise State
95%
ACC Boston College
95%
ACC Clemson
95%
Big 12 Colorado
95%
Big Sky Idaho
95%
Big Sky Idaho State
95%
Big 12 Kansas
95%
Big 12 Kansas State
95%
ACC Louisville
95%
ACC Miami (FL)
95%
Mid-American Miami (OH)
95%
Big Ten Minnesota
95%
SEC Missouri
95%
ACC NC State
95%
Mid-American Ohio
95%
SEC Oklahoma
95%
SEC Ole Miss
95%
Big Ten Oregon
95%
Pac 12 Oregon State
95%
Mountain West San Diego State
95%
ACC Syracuse
95%
SEC Texas A&M
95%
Big 12 Utah
95%
ACC Virginia
95%
ACC Virginia Tech
95%
SEC Auburn
94%
Mid-American Bowling Green
94%
Big 12 BYU
94%
Mountain West Colorado State
94%
FBS Independent Connecticut
94%
American Athletic Florida Atlantic
94%
Conference USA Florida International
94%
Mountain West Hawaii
94%
Big 12 Houston
94%
Big Ten Illinois
94%
Big Ten Indiana
94%
SEC Kentucky
94%
Sun Belt - West Louisiana–Lafayette
94%
SEC LSU
94%
Big Ten Michigan
94%
Big Ten Michigan State
94%
Conference USA Missouri State
94%
Big Ten Northwestern
94%
Big Ten Ohio State
94%
Big 12 Oklahoma State
94%
SWAC - West Southern
94%
American Athletic South Florida
94%
ACC Stanford
94%
Big 12 TCU
94%
Big Ten Washington
94%
Pac 12 Washington State
94%
Big Ten Wisconsin
94%
Mountain West Air Force
92%
SEC Arkansas
92%
Big 12 Baylor
92%
Mid-American Central Michigan
92%
Mid-American Massachusetts
92%
SEC Mississippi State
92%
Big Ten Nebraska
92%
Mountain West Nevada
92%
Missouri Valley North Dakota
92%
Ivy League Penn
92%
Big Ten Penn State
92%
Big Ten Purdue
92%
Mountain West San Jose State
92%
ACC SMU
92%
Missouri Valley South Dakota
92%
Missouri Valley South Dakota State
92%
Sun Belt - West Texas State
92%
Mid-American Toledo
92%
Big 12 UCF
92%
Big Ten UCLA
92%
Mountain West UNLV
92%
Big Ten USC
92%
Mountain West Utah State
92%
American Athletic UTSA
92%
ACC Wake Forest
92%
Mid-American Western Michigan
92%
Mid-American Akron
91%
Sun Belt - West Arkansas State
91%
Mid-American Ball State
91%
Big 12 Cincinnati
91%
Mid-American Eastern Michigan
91%
Big Sky Eastern Washington
91%
Sun Belt - East Georgia State
91%
Mid-American Kent State
91%
American Athletic Memphis
91%
Big Sky Montana
91%
Big Sky Montana State
91%
Conference USA New Mexico State
91%
American Athletic North Texas
91%
ACC Pittsburgh
91%
American Athletic Rice
91%
Big Ten Rutgers
91%
Pioneer San Diego
91%
SEC Tennessee
91%
Sun Belt - West Troy
91%
American Athletic Tulane
91%
American Athletic Tulsa
91%
SEC Vanderbilt
91%
Mountain West Wyoming
91%
American Athletic Army
89%
Ivy League Brown
89%
Mid-American Buffalo
89%
American Athletic East Carolina
89%
Ivy League Harvard
89%
Conference USA Jacksonville State
89%
Sun Belt - East James Madison
89%
Conference USA Kennesaw State
89%
Big Ten Maryland
89%
Mountain West New Mexico
89%
Missouri Valley North Dakota State
89%
American Athletic UAB
89%
Conference USA UTEP
89%
Big 12 West Virginia
89%
Ivy League Yale
89%
Big Sky Northern Arizona
88%
SWAC - East Florida A&M
88%
Mountain West Fresno State
88%
Sun Belt - West Louisiana–Monroe
88%
Conference USA Louisiana Tech
88%
Mid-American Northern Illinois
88%
Sun Belt - West South Alabama
88%
Sun Belt - West Southern Miss
88%
Conference USA Western Kentucky
88%
Sun Belt - East Coastal Carolina
86%
Conference USA Middle Tennessee
86%
American Athletic Navy
86%
SWAC - East Alabama A&M
85%
SWAC - East Alabama State
85%
Sun Belt - East Appalachian State
85%
Ivy League Cornell
85%
Sun Belt - East Georgia Southern
85%
SWAC - East Jackson State
85%
Sun Belt - East Old Dominion
85%
Big Sky Sacramento State
85%
Conference USA Sam Houston State
85%
Ivy League Dartmouth
83%
Conference USA Delaware
83%
CAA Maine
83%
Sun Belt - East Marshall
83%
Big Sky Portland State
83%
Ivy League Princeton
83%
American Athletic Charlotte
82%
Missouri Valley Indiana State
82%
Ivy League Columbia
80%
CAA New Hampshire
80%
Big Sky Northern Colorado
80%
American Athletic Temple
80%
United Athletic Eastern Kentucky
79%
SWAC - West Grambling State
79%
Missouri Valley Illinois State
79%
Missouri Valley Southern Illinois
79%
Big South-OVC Tennessee State
79%
Big Sky Cal Poly
77%
MEAC Delaware State
77%
MEAC Howard
77%
Conference USA Liberty
77%
MEAC South Carolina State
77%
Pioneer Dayton
76%
Big South-OVC Eastern Illinois
76%
Missouri Valley Northern Iowa
76%
CAA Rhode Island
76%
Southland Stephen F. Austin
76%
SWAC - West Texas Southern
76%
Patriot Georgetown
74%
Patriot Lafayette
74%
Big South-OVC Tennessee Tech
74%
Southern The Citadel
74%
Big Sky UC Davis
74%
Big South-OVC Western Illinois
74%
United Athletic Central Arkansas
73%
Patriot Colgate
73%
Southland Incarnate Word
73%
MEAC Norfolk State
73%
United Athletic North Alabama
73%
United Athletic Southern Utah
73%
United Athletic Abilene Christian
71%
SWAC - West Arkansas-Pine Bluff
71%
Pioneer Drake
71%
Southern Mercer
71%
Patriot Richmond
71%
Big Sky Weber State
71%
Missouri Valley Youngstown State
71%
CAA Albany
70%
CAA Bryant
70%
Patriot Bucknell
70%
Pioneer Butler
70%
Pioneer Davidson
70%
Northeast Duquesne
70%
Patriot Holy Cross
70%
Pioneer Stetson
70%
Southern VMI
70%
SWAC - East Bethune-Cookman
68%
Big South-OVC Charleston Southern
68%
Southern Furman
68%
Patriot Lehigh
68%
Southland McNeese State
68%
FCS Independent Merrimack
68%
SWAC - West Prairie View A&M
68%
CAA Villanova
68%
Southern Wofford
68%
SWAC - West Alcorn State
67%
Southland Lamar
67%
Northeast Long Island
67%
MEAC Morgan State
67%
CAA North Carolina A&T
67%
CAA Towson
67%
United Athletic Utah Tech
67%
Pioneer Valparaiso
67%
Northeast Central Connecticut State
65%
Southern Chattanooga
65%
CAA Elon
65%
CAA Hampton
65%
Big South-OVC Lindenwood
65%
Southland Nicholls State
65%
Pioneer St. Thomas (MN)
65%
CAA William & Mary
65%
Southland Houston Christian
64%
Northeast Robert Morris
64%
Northeast Saint Francis (PA)
64%
Southern Samford
64%
United Athletic Tarleton State
64%
United Athletic West Georgia
64%
Southern East Tennessee State
62%
CAA Monmouth
62%
Missouri Valley Murray State
62%
Southland Northwestern State
62%
FCS Independent Sacred Heart
62%
Southland Southeastern Louisiana
62%
Northeast Stonehill
62%
United Athletic Austin Peay
61%
Patriot Fordham
61%
SWAC - East Mississippi Valley State
61%
Pioneer Morehead State
61%
MEAC North Carolina Central
61%
Pioneer Presbyterian
61%
Big South-OVC UT Martin
61%
Northeast Wagner
61%
Southern Western Carolina
61%
Northeast Mercyhurst
59%
CAA Stony Brook
59%
Southland East Texas A&M
58%
Big South-OVC Gardner-Webb
56%
Pioneer Marist
56%
Big South-OVC SE Missouri State
56%
Southland UT-Rio Grande Valley
56%
CAA Campbell
53%
Northeast New Haven
52%
No matching quizzes found
Score Distribution
Percent of People with Each Score
Percentile by Number Answered
Your Score History
You have not taken this quiz